Normal view
MARC view
Entry Personal Name
001 - CONTROL NUMBER
- control field: 26134
003 - CONTROL NUMBER IDENTIFIER
- control field: ARRUPE
005 - DATE AND TIME OF LATEST TRANSACTION
- control field: 20160926104923.0
008 - FIXED-LENGTH DATA ELEMENTS
- fixed length control field: 160926|| aca||aabn | a|a d
040 ## - CATALOGING SOURCE
- Original cataloging agency: ARRUPE
- Transcribing agency: ARRUPE
100 ## - HEADING--PERSONAL NAME
- Personal name: Manunga-Lukokisa, Godefroid.
670 ## - SOURCE DATA FOUND
- Source citation: Work cat.: (ARRUPE)0: Manunga-Lukokisa, Godefroid., Catholic evangelization among the Ndebele of Zimbabwe /, 2004.